| 000 | 01190nam a2200241 i 4500 | ||
|---|---|---|---|
| 001 | 164747 | ||
| 003 | ES-MaACL | ||
| 005 | 20250607063029.0 | ||
| 008 | 940615s1852 sp a |||| | spa d | ||
| 040 |
_aAR _bspa |
||
| 100 | 1 |
_aSantillana, Íñigo López de Mendoza, _cMarqués de, _d1398-1458 _9132444 |
|
| 245 | 1 | 0 |
_aObras de Don Iñigo López de Mendoza, Marqués de Santillana / _cahora por vez primera compiladas de los códices originales, é ilustradas con la vida del autor, y notas y comentarios por José Amador de los Rios. |
| 260 |
_aMadrid : _b[s.n.], _c1852 ( _fImprenta de la calle de S. Vicente baja, a cargo de Jose Rodríguez) |
||
| 300 |
_aCLXXX, 651 p., [1] h. de lam., [1] h. pleg. ; _c29 cm. |
||
| 500 | _aÍndice de autores citados y glosario. | ||
| 594 | _aTít. en portadilla: Obras del Marqués de Santillana. | ||
| 597 | _aAntep. | ||
| 599 | _aLa h. de lám. es un retrato del autor: "Demetrio de los Rios dibº, Lit. de F. Craus, Madrid" | ||
| 599 | _aLa h. de lám. pleg. es un facsímil del mismo autor. | ||
| 700 | 1 |
_aAmador de los Ríos, José, _d1818-1878 _921088 |
|
| 852 |
_aES-MaACL _jG-7626 _z-- Enc. hol. |
||
| 999 |
_c164747 _d164747 |
||